Top 10 Sarjamurhaajamaat - Statistics

Yleistilastot
  • Tätä visaa on pelattu 147 kertaa
  • Keskiarvotulos 7 / 10
Vastaustilastot
Tapauksia Maa % Oikein
2,743 Yhdysvallat
100%
70 Venäjä
88%
101 Kanada
81%
75 Saksa
79%
91 Japani
76%
145 Yhdistynyt Kuningaskunta
72%
65 Intia
68%
94 Italia
63%
75 Australia
57%
112 Etelä-Afrikka
27%
Ehtoja vastaavia visoja ei löytynyt
Tulosjakauma
Jokaisen tuloksen saaneiden osuus
Persentiili vastausten määrän mukaan
Tuloshistoriasi
Et ole pelannut tätä visaa